Culture Générale - Série 135 - Statistiques

Statistiques générales
  • Ce quiz a été pris 366 fois
  • Le résultat moyen est 4 sur 10
Statistiques - réponses
Question Réponse % Correct
Combien y a-t-il de mois commençant par la lettre "J" ? 3
98%
Quel édifice berlinois est associé au mot Brandebourg ? Porte
79%
Dans quel massif montagneux se situe le col de l'Izoard ? Alpes
73%
De quel département Foix est-elle le chef-lieu ? Ariège
55%
Sous quel nom est plus connue la symphonie n°9 d'Antonín Dvorák ? Du Nouveau Monde
30%
Sans quelle chanteuse Laurent Voulzy passe-t-il ses nuits en 1986 ? Kim Wilde
30%
Selon J. Prévert, qui "dit non avec la tête" mais "oui avec le coeur" ? Cancre
25%
Quelle course mythique a été remportée en 2006 par Lionel Lemonchois ? La Route du Rhum
21%
Quel comédien est la vedette de "Jet Set" et du "Pacte des loups" ? Samuel Le Bihan
18%
De 1983 à 1989, quel détective moustachu fut incarné par Stacy Keach ? Mike Hammer
7%
Aucun quiz correspondant
Distribution des résultats
% des personnes avec chaque résultat
Percentile par nombre de réponses
Votre historique - résultats
Vous n’avez pas pris ce quiz